الليزر / (رقم التسجيلة. 52396)

تفاصيل مارك
000 -LEADER
fixed length control field 00545nam a22001937a 4500
005 - DATE AND TIME OF LATEST TRANSACTION
control field 20251108170929.0
008 - FIXED-LENGTH DATA ELEMENTS--GENERAL INFORMATION
fixed length control field 250721s1984 xx 000 0 ara d
082 14 - DEWEY DECIMAL CLASSIFICATION NUMBER
Classification number ط/535.01/كاي
100 1# - MAIN ENTRY--PERSONAL NAME
Personal name كاي، ر . مالك
245 10 - TITLE STATEMENT
Title الليزر /
264 1# - PRODUCTION, PUBLICATION, DISTRIBUTION, MANUFACTURE, AND COPYRIGHT NOTICE
Place of production, publication, distribution, manufacture بيروت :
Name of producer, publisher, distributor, manufacturer دار المفيد،
Date of production, publication, distribution, manufacture, or copyright notice 1984.
300 ## - PHYSICAL DESCRIPTION
Extent 28ص.
490 0# - SERIES STATEMENT
Series statement الثورة الإلكترونية
650 17 - SUBJECT ADDED ENTRY--TOPICAL TERM
Topical term or geographic name as entry element أشعة الليزر
650 17 - SUBJECT ADDED ENTRY--TOPICAL TERM
Topical term or geographic name as entry element الضوء
653 ## - INDEX TERM--UNCONTROLLED
Uncontrolled term نااشئون صغار ( 10 - 14 سنة )
942 ## - ADDED ENTRY ELEMENTS (KOHA)
Source of classification or shelving scheme Dewey Decimal Classification
Koha item type كتب
المقتنيات
حالة السحب حالة الفقدان مصدر التصنيف حالة التلف غير قابل للإعارة المكتبة الرئيسية المكتبة الحالية موقع الرف تاريخ التزويد الرقم المتسلسل Total Checkouts رقم الإستدعاء تاريخ آخر ظهور تاريخ الفاتورة نوع المادة (كوها) الباركود
    Dewey Decimal Classification Unchecked   مكتبة أبو علندا العامة مكتبة أبو علندا العامة الأطفال 06/07/2004 1348   ط/535.01/كاي 28/07/2025 06/07/2004 كتب  
    Dewey Decimal Classification     مكتبة حمزة العامة مكتبة حمزة العامة الإعارة 10/06/2015 [1937].   ط/535.01/كاي 28/07/2025 10/06/2015 كتب PLD00330291
    Dewey Decimal Classification     مكتبةمؤتة مكتبةمؤتة الأطفال 03/09/2014 [ 756 ]   ط/535.01/كاي 28/07/2025 03/09/2014 كتب PLD00342273
Implemented & Customized by: BBB with SCIT (Smart Chains for Information Technology)

Powered by Koha